| 000 | 00415nam a22001337a 4500 | ||
|---|---|---|---|
| 020 | _a9781352012750 | ||
| 082 |
_a341.48 _bSMI |
||
| 100 | _aSmith, Rhona | ||
| 245 |
_aCore Documents on European & International Human Rights 2021-2022 / _cRhona Smith |
||
| 260 |
_aUnited Kingdom : _bRed Globe Press, _c2021. |
||
| 300 |
_a418p. ; _c24 cm. |
||
| 942 |
_2ddc _cBK |
||
| 999 |
_c588457 _d588457 |
||